000 00478nam a22001931a 4500
001 2012
003 OSt
005 20260204211756.0
008 040123s1999||||sp ||||||b||||||||||spa||
020 _a9286633910
050 _a370 E82m
082 _a370 E82m
100 _aBellamy, Carol
245 _aEstado mundial de la infancia 1999 / Carol Bellamy ( Directora)
264 _aEspaña : UNICEF
300 _a131 P.
650 _a1.Educación - InfanciaÌ
942 _2ddc
_cBK
999 _c2012
_d2012